I told you not to buy it: (Record no. 121781)
[ view plain ]
| 000 -LEADER | |
|---|---|
| fixed length control field | 01196nam a22002297a 4500 |
| 008 - FIXED-LENGTH DATA ELEMENTS--GENERAL INFORMATION | |
| fixed length control field | 240129t2023 xxk|||||r|||| 00| 0 eng d |
| 020 ## - INTERNATIONAL STANDARD BOOK NUMBER | |
| ISBN | 9781739083007 |
| 041 ## - LANGUAGE CODE | |
| Language code of text/sound track or separate title | eng |
| 082 ## - DEWEY DECIMAL CLASSIFICATION NUMBER | |
| Classification number | 920 COW |
| 100 ## - MAIN ENTRY--PERSONAL NAME | |
| Personal author | Cowie, Alan |
| 245 ## - TITLE STATEMENT | |
| Title | I told you not to buy it: |
| Subtitle | humorous anecdotes of a lifetime of property problems |
| 260 ## - PUBLICATION INFORMATION | |
| Place of publication | York, |
| Publisher | York Publishing Services, |
| Date | 2023 |
| 300 ## - PHYSICAL DESCRIPTION | |
| Physical description | 159p. |
| 500 ## - GENERAL NOTE | |
| General note | Signed by the author |
| 520 ## - ABSTRACT | |
| Abstract | Insight for those who will eventually step onto the property ladder or are already there and which follows the career of a Chartered Building Surveyor extending over 50 years. Whilst serious and often stressful to clients the variety of experiences and intriguing situations show the enjoyment and privilege of being able to address a multitude of problems and interesting characters. The humorous reflections from growing up in the once Railway Town of Shildon in County Durham to being a joint Senior Partner in the largest Northeast Firm of Chartered Building Surveyors. |
| 650 ## - KEYWORDS | |
| Keywords | BIOGRAPHY |
| 650 ## - KEYWORDS | |
| Keywords | BUILDING SURVEYING |
| 651 ## - SUBJECT ADDED ENTRY--GEOGRAPHIC NAME | |
| Geographic name | United Kingdom |
| 690 ## - BROAD SUBJECT | |
| 9 (RLIN) | 6225 |
| Broad subject | Building surveying |
| 700 ## - ADDED PERSONAL NAME | |
| Added personal author | Cowie, Alan |
| 942 ## - ADDED ENTRY ELEMENTS (KOHA) | |
| Suppress in OPAC | Do not suppress in OPAC |
| Lost status | Damaged status | Not for loan | Home library | Current library | Shelving location | Date acquired | Source of acquisition | Total Checkouts | Full call number | Date last seen | Price effective from | Koha item type |
|---|---|---|---|---|---|---|---|---|---|---|---|---|
| London | London | Books | 29/01/2024 | Donated | 920 COW | 29/01/2024 | 29/01/2024 | Book |